000 00884nam a22003017a 4500
001 BR2010001055
003 BR-BrBNA
005 20230928103212.0
007 ta
008 230509b bl.||||| |||| 00| 0 por d
040 _aBR-BrBNA
_bpor
_cBiblioteca Nacional de Agricultura
041 _a(Por)
072 _aH20
_b0430
_b4110
_b4120
090 _ 0430 BR2010001055
100 1 _aFerro, H.M.
110 1 _aUniversidade Federal de Lavras, MG (Brasil)
_0Tese (Mestrado)
245 1 _aBactéria endosporogênicas no manejo de doenças do algodoeiro
260 3 _aLavras, MG (Brasil):
_c2009.
300 _a122 p.
500 _aSummaries (Eng, Por); Several bibliography; 20 tables
650 _aALGODÃO
650 _aXANTHOMONAS
650 _aSCLEROTINIA
650 _aBACILLUS
650 _aCONTROLE BIOLÓGICO
909 _a202309
_bLucia
_c55
_dLucia Elande
942 _cBK
999 _c74121
_d74121